000 00222 a2200097 4500
001 13992
100 _aTurgenev I
245 _aA month in the country
260 _aLondon
_bWilliam heinemann ltd
_c
090 _c10954
_d10954
942 _aNUST-CAE
_cM
_c1063
999 _c249065
_d249065